BIOTECHNOLOGICAL PRODUCTION OF WOOD COMPOSITES

Bibliographic Details
Main Authors: Kharazipour, Alireza (Author), Hüttermann, Aloys (Author)
Other Authors: rr (Translator)
Format: Article
Language:English
ISBN:8022805920

MARC

LEADER 00000naa a2200000uu 4500
001 vtls011093276
003 SK-MaSNL
005 20260302110453.0
008 210824|1997 xo |||||||||||||||||eng|
015 |a SNBRA 
035 |a (urnnbn)urn:nbn:sk:snk:ar-a0cs7k 
035 |a (uuid)9eb79f79-394d-4a3d-8dcb-347bdb007cbc 
035 |a urn:nbn:sk:snk-aavxvw 
040 |a SNKBUCL  |b slo  |c SNKBUCL  |e AACR2 
041 0 |a eng 
044 |a xo  |c SK 
100 1 |a Kharazipour, Alireza  |4 aut  |9 786542 
245 1 0 |a BIOTECHNOLOGICAL PRODUCTION OF WOOD COMPOSITES  |c Alireza Kharazipour, Aloys Hüttermann, RR 
700 1 |a Hüttermann, Aloys  |4 aut  |9 786543 
700 1 |a rr  |4 trl  |9 786544 
773 0 |t Pokroky vo výrobe a použití lepidiel v drevopriemysle : 13. sympózium, Vinné, 3.-5.9.1997 : zborník referátov  |d Vo Zvolene : Technická univerzita, 1997  |g S. 111-120  |z 8022805920 
958 |a OND 
958 |a article12 
958 |a chapter 
999 |c 1243539  |d 1245469